000 00754cab a2200253 4500
001 ABS38862
008 090401t1988 xxu||||| |||| 00| 0 eng d
035 _a(Sirsi) u12867
041 _aeng
100 _aRatcliffe, C.
245 _aYorkshire
260 _c1988
350 _a0
490 _aShop Property
_vFebruary 1988, 24-40(11)
520 _aReports on activity in the retail market in the principal centres of Yorkshire , including Sheffield , Leeds , York , Scarborough , Barnsley and Rotherham .
650 _aENTERPRISE ZONE
650 _aMEADOWHALL SHOPPING CENTRE
650 _aOUT-OF-TOWN
650 _aPARKGATE
650 _aRETAIL WAREHOUSES
690 _aPROPERTY-COMMERCIAL PROPERTY
942 _n0
948 _c04/03/1997
999 _c8256
_d8256